| 000 | 00351nam a2200145Ia 4500 | ||
|---|---|---|---|
| 008 | 150301s2010 xx 000 0 und d | ||
| 082 |
_a616.07 _bH10S |
||
| 100 | _aSOOD, RAMNIK | ||
| 245 | _aHEMATOLOGY FOR STUDENTS AND PRACTITIONERS | ||
| 250 | _a6TH | ||
| 260 |
_bJAYPEE _aDELHI _c2010 |
||
| 300 | _a689 | ||
| 650 | _aPATHOLOGY | ||
| 942 |
_2ddc _cBK _02 |
||
| 999 |
_c6574 _d6574 |
||